| 000 | 00475pab a2200181 454500 | ||
|---|---|---|---|
| 008 | 180718b2008 xxu||||| |||| 00| 0 eng d | ||
| 100 | _aMusalaiah, Jadi | ||
| 245 | _aState, civil society and draft national tribal policy: A critical evaluation | ||
| 260 | _c2008 | ||
| 300 | _ap.811-822. | ||
| 362 | _aOct-Dec | ||
| 650 | _aCivil society | ||
| 650 | _aState | ||
| 650 | _aTribes | ||
| 773 | _aIndian Journal of Public Administration | ||
| 908 | _aN | ||
| 909 | _a81703 | ||
| 999 |
_c81703 _d81703 |
||